| 000 | 00524nam a22001817a 4500 | ||
|---|---|---|---|
| 003 | BD-DhJNU | ||
| 005 | 20250319043217.0 | ||
| 008 | 250319b |||||||| |||| 00| 0 eng d | ||
| 040 |
_aBD-DhJNU _bENG _cBD-DhJNU _dBD-DhJNU |
||
| 082 |
_223 _a181.4 |
||
| 100 | _aDasgupta, Surendranath | ||
| 245 |
_aA history of Indian philosophy / _cSurendranath Dasgupta |
||
| 260 |
_aCambridge : _bThe University Press, _c1962. |
||
| 300 |
_axiv, 204 p. : _c22 cm. |
||
| 504 | _aincludes index | ||
| 650 | _aPhilosophy | ||
| 942 |
_2ddc _cBK _n0 |
||
| 999 |
_c1510 _d1510 |
||